Score 0/30 Timer 07:00
7 Plays Today
% Correct
Herbology
91.6%
Ten
90.5%
Sirius Black
89.5%
Severus Snape
88.7%
The Sword of Gryffindor
88.6%
Neville's Grandmother
88.3%
Ginny Weasley
88.1%
Dumbledore's Army
87.6%
Nagini
87.1%
Pure Blood
86.5%
Barty Crouch Jr.
85.6%
Luna Lovegood
85.1%
Professor of Herbology
84.6%
Trevor
84.4%
Bellatrix Lestrange
82.9%
% Correct
Sybill Trelawney
80.6%
Cornish Pixies
78.5%
Frank Longbottom
74.9%
Alice Longbottom
73.3%
St Mungo's Hospital for Magical Maladies and Injuries
71.1%
A Remembrall
69.8%
Neville's Father
69.1%
The Hog's Head
63.4%
Mandrakes
62.3%
Colin Creevey
60.3%
July 30th, 1980
59.6%
Augusta Longbottom
54.5%
Matthew Lewis
50.6%
Fenrir Greyback
33.9%
Mimbulus Mimbletonia
26.6%
Remove Ads.
Support Sporcle.
Get the best of Sporcle when you Go Orange. This ad-free experience offers more features, more stats, and more fun while also helping to support Sporcle. Thank you for becoming a member.

You're not logged in!

Compare scores with friends on all Sporcle quizzes.
OR
Log In

Sporcle TV

Today on Sporcle TV


Watch our educational content, quiz creation guides, and fun videos on Sporcle TV.

Show Comments

Extras

Top Quizzes Today


Score Distribution

Paid Content

Your Account Isn't Verified!

In order to create a playlist on Sporcle, you need to verify the email address you used during registration. Go to your Sporcle Settings to finish the process.

Report this User

Report this user for behavior that violates our Community Guidelines.

Details: